Inventarizácia majetku a záväzkov ako nástroj kontroly vecnej správnosti účtovníctva bakalárska práca

Guardado en:
Detalles Bibliográficos
Autor principal: Srnková, Eva
Autor Corporativo: Fakulta hospodárskej informatiky EU. Katedra účtovníctva a audítorstva
Otros Autores: Kuceková, Milada
Formato: Libro
Lenguaje:eslovaco
Publicado: Bratislava 2014
Etiquetas: Agregar Etiqueta
Sin Etiquetas, Sea el primero en etiquetar este registro!

MARC

LEADER 00000nbm a2200000 4500
001 0189829
005 20170201112000.4
041 0 |a slo 
044 |a SK 
245 1 0 |a Inventarizácia majetku a záväzkov ako nástroj kontroly vecnej správnosti účtovníctva  |b bakalárska práca  |c Eva Srnková ; školiteľ: Milada Kuceková 
264 1 |a Bratislava  |c 2014 
300 |a 47 s. 
100 1 |a Srnková, Eva 
700 1 |a Kuceková, Milada 
710 2 |a Fakulta hospodárskej informatiky EU. Katedra účtovníctva a audítorstva